Borders: High vs. Low GDP Per Capita - Statistics

General Stats
  • This quiz has been taken 45 times
  • The average score is 21 of 29
Answer Stats
Country % Correct
China
100%
Russia
100%
North Korea
95%
South Korea
95%
Afghanistan
92%
Iran
92%
Turkmenistan
89%
Israel
82%
Niger
82%
Oman
76%
Turkey
76%
Yemen
76%
D.R. Congo
74%
Saudi Arabia
74%
Syria
74%
Dominican Republic
71%
Haiti
71%
R. Congo
71%
Algeria
68%
Libya
68%
Central African Republic
66%
Cameroon
63%
Equatorial Guinea
63%
Angola
58%
South Africa
58%
Mozambique
55%
Kenya
53%
Somalia
53%
Djibouti
47%
No matching quizzes found
Score Distribution
Percent of People with Each Score
Percentile by Number Answered
Your Score History
You have not taken this quiz